El Palacio de la Generalidad del Reino de Valencia /
Descripción Física:
Il·lustracions
Colección:
San Jorge,
; núm. 5 (gener 1952), pàg. 9-12
Materias:
Palau de la Generalitat de València (València, País Valencià) -- Història
; Palaus -- País Valencià
Idioma:
Español
MARC
| LEADER | 00000naa a2200000 a 4500 | ||
|---|---|---|---|
| 003 | Arxiu | ||
| 005 | 20260324181033.0 | ||
| 008 | 160829s1952 spcaxx s spa c | ||
| 040 | |a agdb | ||
| 100 | 1 | |a Albert, Luís |9 29703 |d 1902-1968 | |
| 245 | 1 | 3 | |a El Palacio de la Generalidad del Reino de Valencia / |c por Luis Albert, arquitecto provincial de la Diputación de Valencia |
| 300 | |b Il·lustracions | ||
| 490 | |a San Jorge, |v núm. 5 (gener 1952), pàg. 9-12 | ||
| 590 | |a Inclou 5 fotografies. | ||
| 610 | 2 | 0 | |a Palau de la Generalitat de València (València, País Valencià) |9 54658 |x Història |
| 650 | 0 | |a Palaus |9 29705 |z País Valencià | |
| 773 | |t San Jorge |g Núm. 5 (gener 1952), pàg. 9-12 | ||
| 901 | |a Arxiu | ||
| 942 | |n 1 |2 udc |c ART | ||
| 952 | |0 0 |1 0 |4 0 |6 REV508 |7 1 |9 64599 |a Arxiu |b Arxiu |d 2022-12-02 |l 0 |o Rev-508 |r 2022-12-02 00:00:00 |w 2022-12-02 |y ARXIU |z També disponible a Rev-521 | ||
| 999 | |c 48095 |d 48095 | ||